|
|
|
|
| LEADER |
01191nam a2200337 a 4500 |
| 001 |
000698410 |
| 003 |
CZ BrMZK |
| 005 |
20040105100012.0 |
| 007 |
ta |
| 008 |
031201s2003 xr e 000 1 cze d |
| 015 |
|
|
|a cnb001294804
|
| 020 |
|
|
|a 80-7218-944-1
|q (váz.)
|
| 035 |
|
|
|a (OCoLC)56865085
|
| 040 |
|
|
|a OLA001
|b cze
|d BOA001
|
| 041 |
1 |
|
|a cze
|h eng
|
| 072 |
|
7 |
|a 821.111(73)-3
|x Americká próza
|2 Konspekt
|9 25
|
| 080 |
|
|
|a 821.111(73)-31
|2 MRF
|
| 080 |
|
|
|a (0:82-31)
|2 MRF
|
| 100 |
1 |
|
|a Collins, Jackie,
|d 1937-2015
|7 jn20010309813
|4 aut
|
| 245 |
1 |
0 |
|a Hollywoodské rozvody /
|c Jackie Collins ; [z anglického originálu přeložila Petra Klůfová]
|
| 250 |
|
|
|a Vyd. 1.
|
| 260 |
|
|
|a Frýdek-Místek :
|b Alpress,
|c 2003
|
| 300 |
|
|
|a 470 s. ;
|c 21 cm
|
| 490 |
1 |
|
|a Klokan
|
| 655 |
|
7 |
|a americké romány
|7 fd131796
|2 czenas
|
| 765 |
0 |
|
|t Hollywood divorces
|9 Česky
|
| 830 |
|
0 |
|a Klokan (Alpress)
|0 s
|
| 856 |
4 |
1 |
|u http://www.digitalniknihovna.cz/mzk/uuid/uuid:692e7df0-38b8-11e4-8f64-005056827e52
|y Digitalizovaný dokument
|x NDK
|
| 910 |
|
|
|a BOA001
|b 2-1126.487
|
| 990 |
|
|
|a BK
|
| 996 |
6 |
|
|b 2610205746
|c 2-1126.487
|l MZK
|r Sklad / do 1 hodiny
|n 4
|p p.v.
|w 000698410
|u 000010
|a 1
|e BOA001
|j MZK50
|s P
|